000
00300nam a22001337a 4500
008
181107b xxu||||| |||| 00| 0 eng d
020
_a
0534577385
041
_a
eng
080
_a
316
100
_a
50
101
_a
SOC
245
_a
Social work and social welfare
_c
Ashman, K.K.K
942
_2
udc
_c
BK
999
_c
52157
_d
52157